000 00721aas a2200217 4500
999 _c3355
_d3355
003 BR-BrBNA
005 20230317233758.0
007 ta
008 230119b bl ||||| |||| 00| 0 por d
035 _a000485-5
040 _aBR-BrBNA
_bPor
_cBR-BrBNA
042 _a058267-0
044 _abl
245 _aPrograma de Assistência Técnica e Extensão Rural - Empresa de Assistência Técnica e Extensão Rural do Estado do Pará (Brazil)
260 _aBelém-PA
_bEmpresa de Assistência Técnica e Extensão Rural do Estado do Pará
_c1978. Data final de publicação em 1985
_eBPA
270 _aCaixa Postal 789 - 66000-000
310 _aanual
505 _a1978-79; 1985fe;
909 _a56
_bSergio Santos
_c56
_dSergio Santos
942 _cCR
_2AGRIS